| 000 | 01169nmm a2200325 a 4500 | ||
|---|---|---|---|
| 001 | ocm0002146089 | ||
| 003 | TR-IsHL | ||
| 005 | 20201028181806.0 | ||
| 008 | 190117s2018 tu tur | ||
| 007 | cr cn | ||
| 020 | _a9786052385630 | ||
| 035 |
_a2146089 _b(N$T) |
||
| 050 | 0 | 4 |
_aPJ6233 _b.I85 2018 |
| 090 | 0 | 4 |
_aPJ6233 _b.I85 2018 |
| 100 | 1 | _aİşler, Emrullah | |
| 245 | 1 | 0 |
_aArapça çeviri kılavuzu _h[electronic resource] / _cEmrullah İşler ; Prof. Dr. Musa Yıldız |
| 250 | _a11. Baskı | ||
| 260 |
_aİstanbul : _bAkdem Yayınları, _c2018 |
||
| 300 | _a316 p. | ||
| 500 | _aKaynakça var. | ||
| 650 | 4 | _aDil ve Edebiyat | |
| 650 | 4 | _aLanguage and Literature | |
| 650 | 0 |
_aArap dili _x Yabancılar için ders kitapları _x Türkçe |
|
| 650 | 0 |
_aArabic language _x Textbooks for foreign speakers _x Turkish |
|
| 650 | 0 |
_aArap dili _x Türkçeye çeviri |
|
| 650 | 0 |
_aArabic language _x Translations into Turkish |
|
| 650 | 7 |
_aLANGUAGE ARTS & DISCIPLINES / Translating & Interpreting _2bisacsh |
|
| 700 | 1 | _aYıldız, Musa | |
| 856 | 4 | 0 | _uhttp://search.ebscohost.com/login.aspx?direct=true&scope=site&db=e011xww&AN=2146089 |
| 999 |
_c19767 _d19767 |
||